Abordaje de la atención prehospitalaria en enfermadedades de aparicion subita en planteles educativos / (Registro nro. 2895)
[ vista simple ]
| 000 -LEADER | |
|---|---|
| fixed length control field | 02883nam a2200337 i 4500 |
| 001 - CONTROL NUMBER | |
| control field | 0000076145 |
| 005 - DATE AND TIME OF LATEST TRANSACTION | |
| control field | 20250329165414.0 |
| 007 - PHYSICAL DESCRIPTION FIXED FIELD--GENERAL INFORMATION | |
| fixed length control field | ta |
| 008 - FIXED-LENGTH DATA ELEMENTS--GENERAL INFORMATION | |
| fixed length control field | 190415s2022 000 0 eng d |
| 040 ## - CATALOGING SOURCE | |
| Original cataloging agency | CO-CtgCURN |
| Language of cataloging | spa |
| Transcribing agency | coctgcurn |
| Description conventions | rda |
| 082 0# - DEWEY DECIMAL CLASSIFICATION NUMBER | |
| Classification number | APH 2022 |
| Item number | G279 |
| 100 1# - MAIN ENTRY--PERSONAL NAME | |
| Personal name | Gavalo Julio, Natalia Patricia, |
| Relator term | author. |
| Relationship | aut |
| 245 10 - TITLE STATEMENT | |
| Title | Abordaje de la atención prehospitalaria en enfermadedades de aparicion subita en planteles educativos / |
| Statement of responsibility, etc. | Leonardo José Patiño Sandon; Daryelis Dayanna Hoyos Calle; Carolina Cárdenas Blanquicet; Diego Andrés Rojas García; asesora: Viviana Herrán Villalba. |
| 260 ## - PUBLICATION, DISTRIBUTION, ETC. | |
| Place of publication, distribution, etc. | Cartagena de Indias : |
| Name of publisher, distributor, etc. | Corporación Universitaria Rafael Núñez, |
| Date of publication, distribution, etc. | 2022. |
| 260 #4 - PUBLICATION, DISTRIBUTION, ETC. | |
| Date of publication, distribution, etc. | ©2022. |
| 300 ## - PHYSICAL DESCRIPTION | |
| Extent | 52 hojas. |
| 336 ## - CONTENT TYPE | |
| Content type term | text |
| Content type code | txt |
| Source | rdacontent |
| 337 ## - MEDIA TYPE | |
| Media type term | unmediated |
| Media type code | n |
| Source | rdamedia |
| 338 ## - CARRIER TYPE | |
| Carrier type term | volume |
| Carrier type code | nc |
| Source | rdacarrier |
| 504 ## - BIBLIOGRAPHY, ETC. NOTE | |
| Bibliography, etc. note | Trabajo de grado (Tecnologo en Atencion Prehospitalaria). Corporación Universitaria Rafael Nuñez. Facultad de Ciencias de la Salud. Tecnologia en Atencion Prehospitalaria, 2022. |
| 520 ## - SUMMARY, ETC. | |
| Summary, etc. | "La atención prehospitalaria y las enfermedades de aparición súbitas en los planteles educativos, son una realidad a la cual se enfrentan las instituciones educativas diariamente, toda la comunidad educativa se encuentra en riesgo de ser víctima de ello o presenciar algún suceso de este carácter; es de allí que el personal de salud de las instituciones educativas, se deben capacitar mejor en situaciones en la aparición de enfermedades. En esta investigación, se busca comprender los modelos de primeros auxilios, destinado a brindar una atención temprana, para esta clase de eventos para as garantizar una mejor sobrevida o recuperación del paciente de la comunidad educativa. Una actuación rápida, completa y eficaz en caso de una situación de peligro para la vida contribuir sin duda a una pronta recuperación del paciente; además del tratamiento temprano de cualquier evento adverso, enfermedad repentina o emergencia, la supervivencia y recuperación óptimas del paciente son fundamentales, con conceptos básicos claros de primeros auxilios que pueden marcar la diferencia entre la vida y la muerte para quienes necesitan de este servicio." |
| 650 14 - SUBJECT ADDED ENTRY--TOPICAL TERM | |
| Topical term or geographic name entry element | Atención prehospitalaria |
| Form subdivision | Tesis y disertaciones academicas. |
| 700 1# - ADDED ENTRY--PERSONAL NAME | |
| Personal name | Gavalo Julio, Natalia Patricia. |
| 700 1# - ADDED ENTRY--PERSONAL NAME | |
| Personal name | Hernandez Reyes, Jehiner José. |
| 700 1# - ADDED ENTRY--PERSONAL NAME | |
| Personal name | Rodríguez González, Laidis Paola. |
| 700 1# - ADDED ENTRY--PERSONAL NAME | |
| Personal name | Martinez Puello Ariel, |
| Relator term | asesor. |
| 700 1# - ADDED ENTRY--PERSONAL NAME | |
| Personal name | Rios Dominguez Isabel Cristina, |
| Relator term | asesor. |
| 856 ## - ELECTRONIC LOCATION AND ACCESS | |
| Uniform Resource Identifier | <a href="https://unicurn.sharepoint.com/:b:/s/biblioteca/EVfHtZyFRP9OkbQHEvHFq60BkvC1M_45I8HaANhfq2mUkQ?e=tufwgO">https://unicurn.sharepoint.com/:b:/s/biblioteca/EVfHtZyFRP9OkbQHEvHFq60BkvC1M_45I8HaANhfq2mUkQ?e=tufwgO</a> |
| Public note | Click aqui para ver el recurso en texto completo |
| 942 ## - ADDED ENTRY ELEMENTS (KOHA) | |
| Source of classification or shelving scheme | Dewey Decimal Classification |
| Koha item type | Trabajos de grado |
| Classification part | APH 2022 |
| Item part | G279 |
| Institution code [OBSOLETE] | CTG |
| -- | CTG |
| Source of classification or shelving scheme | Dewey Decimal Classification |
| Classification part | APH 2022 |
| Item part | G279 |
| Withdrawn status | Lost status | Source of classification or shelving scheme | Damaged status | Not for loan | Collection | Home library | Current library | Shelving location | Date acquired | Source of acquisition | Cost, normal purchase price | Inventory number | Total checkouts | Full call number | Barcode | Date last seen | Price effective from | Koha item type |
|---|---|---|---|---|---|---|---|---|---|---|---|---|---|---|---|---|---|---|
| Dewey Decimal Classification | Trabajos de grado | Miguel Henríquez Emiliani | Miguel Henríquez Emiliani | Trabajo de grado | 06/01/2019 | El autor | 350000.00 | 024698 | APH 2022 G279 | 024698 | 03/29/2025 | 03/29/2025 | Trabajos de grado |